[Event "Tournoi francophone 015"]
[Site "Skype"]
[Date "????.??.??"]
[Round "3.13"]
[White "Guillaume, Mickael"]
[Black "Vasquez Cienfuegos, Oscar"]
[Result "1-0"]
[WhiteElo "1106"]
[BlackElo "1470"]
[PlyCount "127"]

1. e4 c6 2. c4 d5 3. cxd5 cxd5 4. Nc3 dxe4 5. Nxe4 a6 6. Bc4 e6 7. a3 Nd7 8.
Nf3 Ngf6 9. Nfg5 h6 10. Nxf6+ Nxf6 11. Nf3 Qc7 12. d3 Bb4+ 13. axb4 O-O 14. O-O
b5 15. Bxb5 Bb7 16. Bc4 Qb6 17. Bd2 Rfd8 18. Ne5 Qc7 19. Re1 Qe7 20. Ng4 Nd5
21. b5 axb5 22. Bxb5 Qd6 23. Qb3 Nf4 24. Bxf4 Qxf4 25. Ne3 Qc7 26. Bc4 Qe7 27.
Qc3 Qg5 28. g3 h5 29. f4 Qg6 30. Ng2 Bxg2 31. Kxg2 h4 32. b4 Qg4 33. Qe5 h3+
34. Kg1 Rxa1 35. Qxa1 Qf3 36. Qa2 Ra8 37. Qf2 Qb7 38. b5 Rf8 39. Qf1 Qb6+ 40.
Kh1 Qb7+ 41. Kg1 Qb6+ 42. Qf2 Qb7 43. Rb1 g6 44. g4 Kg7 45. d4 Rd8 46. Bf1 Rh8
47. Qg3 Qe4 48. Rb4 Qd5 49. Bxh3 Qd6 50. Ra4 g5 51. fxg5 Qxg3+ 52. hxg3 Rxh3
53. Kg2 Rh8 54. Kf3 Kg6 55. Kf4 Rd8 56. Ra6 Rxd4+ 57. Ke5 Rxg4 58. b6 Rxg5+ 59.
Kd6 Rxg3 60. b7 Rd3+ 61. Kc7 Rc3+ 62. Rc6 Rb3 63. b8=Q Rxb8 64. Kxb8 1-0

[Event "Tournoi francophone 015"]
[Site "Skype"]
[Date "????.??.??"]
[Round "3.14"]
[White "Harmelle, Dominique"]
[Black "Trivedi, Viral"]
[Result "1-0"]
[WhiteElo "1402"]
[BlackElo "1230"]
[PlyCount "68"]

1. d4 e6 2. Bf4 f5 3. e3 Nf6 4. Nd2 d5 5. Be2 c6 6. c3 Be7 7. Ngf3 O-O 8. h3
Nbd7 9. Ne5 Ne4 10. Nxd7 Bxd7 11. Nxe4 fxe4 12. Qb3 Qc8 13. Be5 Bf6 14. Bg3 Be8
15. c4 Bf7 16. cxd5 exd5 17. Rc1 Qd7 18. Bg4 Qe7 19. O-O Be8 20. a4 h5 21. Be2
Rf7 22. Bxh5 g6 23. Bg4 Bh4 24. Bxh4 Qxh4 25. Be6 Bd7 26. Bxf7+ Kxf7 27. Qxb7
Rd8 28. Rxc6 Ke8 29. Rxg6 Kf8 30. Qxd5 Bxh3 31. Qg8+ Ke7 32. Qg7+ Ke8 33. Rc1
Rc8 34. Qg8+ Kd7 1-0

[Event "Tournoi francophone 015"]
[Site "Skype"]
[Date "????.??.??"]
[Round "3.15"]
[White "Farfallini, Michel"]
[Black "L'Herbon De Lussats, Jean"]
[Result "0-1"]
[WhiteElo "1446"]
[BlackElo "1259"]
[PlyCount "82"]

1. e4 c5 2. c3 d6 3. d4 Nf6 4. dxc5 dxc5 5. Qxd8+ Kxd8 6. Nd2 b6 7. Bc4 e6 8.
Ngf3 Bb7 9. Ne5 Ke8 10. Ndf3 h6 11. O-O Nxe4 12. Rd1 Bd6 13. Bb5+ Ke7 14. Bf4
a6 15. Bd3 Rd8 16. Nd2 Nf6 17. f3 Nbd7 18. Nxd7 Rxd7 19. Bxd6+ Rxd6 20. Nc4 Rc6
21. a3 b5 22. Na5 Rc7 23. Nxb7 Rxb7 24. Re1 Rd8 25. Bc2 Rd2 26. Rac1 Rbd7 27.
Red1 c4 28. Kf1 Nh5 29. Ke1 Rxg2 30. Rxd7+ Kxd7 31. Rd1+ Ke7 32. Rd2 Rg1+ 33.
Kf2 Rg5 34. Bd1 Nf4 35. Ke3 Nd5+ 36. Kf2 h5 37. h4 Rf5 38. Bc2 Rf4 39. Rd4 f5
40. Rxf4 Nxf4 41. Kf1 Ng6 0-1

[Event "Tournoi francophone 015"]
[Site "Skype"]
[Date "????.??.??"]
[Round "3.16"]
[White "Le Bouill, Pierre"]
[Black "Zenini, Simone"]
[Result "0-1"]
[WhiteElo "1252"]
[BlackElo "1436"]
[PlyCount "90"]

1. Nf3 d5 2. e3 Nf6 3. b3 g6 4. Bb2 Bg7 5. g3 O-O 6. Bg2 c6 7. O-O Bf5 8. d3
Na6 9. a3 Qc8 10. Nc3 Bh3 11. Ng5 Bxg2 12. Kxg2 Nc5 13. Re1 e5 14. b4 Ncd7 15.
Ne2 b6 16. Rb1 Qc7 17. Rc1 Ne8 18. c4 h6 19. Nh3 Qb7 20. cxd5 cxd5 21. Nc3 d4+
22. f3 dxc3 23. Rxc3 Nd6 24. Rc2 Rac8 25. Qe2 Rxc2 26. Qxc2 Rc8 27. Qd2 Qd5 28.
Rc1 Rxc1 29. Bxc1 Nb8 30. e4 Qe6 31. Qc3 Nb5 32. Qd2 Nd4 33. Qe3 Qb3 34. Nf2
Nc2 35. Qd2 Nxa3 36. Bxa3 Qxa3 37. Qc2 Nd7 38. Qc8+ Nf8 39. Qb7 Qxb4 40. Qxa7
b5 41. Qc7 Qb2 42. Qc5 b4 43. g4 b3 44. Kg3 Qc2 45. Qa3 b2 0-1

[Event "Tournoi francophone 015"]
[Site "Skype"]
[Date "????.??.??"]
[Round "3.17"]
[White "Abdulrazzaq, Mohsen"]
[Black "Gadow, Martin"]
[Result "1/2-1/2"]
[WhiteElo "1249"]
[BlackElo "1412"]
[PlyCount "42"]

1. e4 c5 2. Nf3 Nc6 3. d4 cxd4 4. Nxd4 Nf6 5. Nc3 e6 6. Be2 Bb4 7. Nxc6 bxc6 8.
O-O O-O 9. e5 Nd5 10. Ne4 Be7 11. c4 Nc7 12. c5 d5 13. exd6 Bf6 14. dxc7 Qxc7
15. Nxf6+ gxf6 16. Bh6 Rd8 17. Bd3 f5 18. Qf3 Rd4 19. Rac1 Rh4 20. Bf4 Qxf4 21.
Qxf4 Rxf4 1/2-1/2

[Event "Tournoi francophone 015"]
[Site "Skype"]
[Date "????.??.??"]
[Round "3.18"]
[White "Bourdeau, Yvan"]
[Black "Malbec, Robert"]
[Result "1-0"]
[WhiteElo "1383"]
[BlackElo "1214"]
[PlyCount "83"]

1. d4 d5 2. Bf4 Nf6 3. e3 e6 4. c3 Bd6 5. Bg3 O-O 6. Nd2 Bd7 7. Bd3 Bc6 8. Ngf3
Nbd7 9. Ne5 h6 10. O-O Nxe5 11. dxe5 Bxe5 12. Bxe5 Nd7 13. Bg3 Rc8 14. Nf3 Nc5
15. Ne5 Be8 16. Qc2 Nxd3 17. Qxd3 a6 18. Rfd1 Qg5 19. Qd4 f5 20. Qh4 Qxh4 21.
Bxh4 g5 22. Bg3 Kg7 23. Nd3 h5 24. Be5+ Kg6 25. f4 g4 26. g3 Bb5 27. Nc5 Rfe8
28. Rd2 Bc6 29. Rd4 Kf7 30. a4 Rg8 31. a5 Rg6 32. Rb4 Rh6 33. Nxb7 h4 34. Nc5
Bb5 35. Rxb5 axb5 36. a6 c6 37. Nd7 hxg3 38. hxg3 Rg6 39. a7 Rgg8 40. Nb8 Rcd8
41. a8=Q Rxb8 42. Bxb8 1-0

[Event "Tournoi francophone 015"]
[Site "Skype"]
[Date "????.??.??"]
[Round "3.20"]
[White "Garganese, Paolo"]
[Black "Scata, Laura"]
[Result "1/2-1/2"]
[WhiteElo "1199"]
[BlackElo "1366"]
[PlyCount "35"]

1. e4 c6 2. d4 d5 3. Nd2 dxe4 4. Nxe4 Bf5 5. Ng3 Bg6 6. Nf3 h6 7. Ne5 Bh7 8.
Qf3 Nf6 9. c3 Nbd7 10. Bc4 Nxe5 11. dxe5 Nd5 12. O-O e6 13. Rd1 Qc7 14. Bf4 Be7
15. Nh5 O-O 16. Qg3 Bg6 17. Nf6+ Kh8 18. Ng4 1/2-1/2

[Event "Tournoi francophone 015"]
[Site "Skype"]
[Date "????.??.??"]
[Round "3.21"]
[White "Amato, Ludovica"]
[Black "Martin, Jean-Claude"]
[Result "1-0"]
[WhiteElo "1346"]
[BlackElo "1184"]
[PlyCount "99"]

1. e4 e5 2. Nf3 Nc6 3. Bc4 Nf6 4. d3 h6 5. c3 Bc5 6. O-O O-O 7. h3 a6 8. Bb3
Na5 9. Bc2 Nc6 10. Nbd2 b5 11. a3 d5 12. Re1 dxe4 13. dxe4 Re8 14. Nf1 Qxd1 15.
Rxd1 Bb7 16. Be3 Bxe3 17. Nxe3 Rad8 18. Nf5 Rxd1+ 19. Rxd1 Bc8 20. Ng3 g6 21.
Bb3 Kg7 22. Ne1 Rd8 23. Nd3 h5 24. Nf1 Nxe4 25. Ne3 Be6 26. Bxe6 fxe6 27. f3
Nd6 28. Nc5 Kf6 29. Nxa6 Ne8 30. Rxd8 Nxd8 31. c4 c6 32. Nb4 Nd6 33. cxb5 cxb5
34. Kf2 N8b7 35. Nd1 e4 36. f4 Nc4 37. Nc3 e3+ 38. Ke2 Nxb2 39. Nxb5 Nc4 40.
Nc2 e5 41. Nxe3 Nxe3 42. Kxe3 exf4+ 43. Kxf4 g5+ 44. Ke4 Nc5+ 45. Kd5 Ne6 46.
g3 h4 47. gxh4 gxh4 48. a4 Nf4+ 49. Kc6 Nxh3 50. a5 1-0

[Event "Tournoi francophone 015"]
[Site "Skype"]
[Date "????.??.??"]
[Round "3.22"]
[White "Yepez, German"]
[Black "Pouteau, Pascal"]
[Result "0-1"]
[WhiteElo "1191"]
[BlackElo "1345"]
[PlyCount "56"]

1. e4 c6 2. d4 d5 3. exd5 cxd5 4. Nf3 Bg4 5. Bd3 Nf6 6. h3 Bh5 7. Bf4 Nc6 8. c3
e6 9. Nbd2 Bd6 10. Bg5 h6 11. Be3 Qb6 12. Qc2 O-O 13. g4 Bg6 14. Bxg6 fxg6 15.
Qxg6 Ne7 16. Qb1 Ne4 17. Nxe4 dxe4 18. Nh4 Bf4 19. O-O Qd6 20. Qc1 Nd5 21. Re1
Nxe3 22. Rxe3 Bg5 23. Ng2 Rf3 24. Qe1 Bxe3 25. Qxe3 Rxe3 26. fxe3 Qg3 27. Rf1
Rf8 28. Rxf8+ Kxf8 0-1

[Event "Tournoi francophone 015"]
[Site "Skype"]
[Date "????.??.??"]
[Round "3.23"]
[White "De Fazio, Monica"]
[Black "Duthoit, Bernard"]
[Result "0-1"]
[WhiteElo "1176"]
[BlackElo "1338"]
[PlyCount "32"]

1. e4 e6 2. d4 d5 3. e5 c5 4. Nf3 Nc6 5. dxc5 Bxc5 6. Bb5 Bd7 7. O-O Nxe5 8.
Bxd7+ Nxd7 9. Re1 Ngf6 10. Ne5 Nxe5 11. Rxe5 Ne4 12. Be3 Bxe3 13. fxe3 O-O 14.
Qd4 Qf6 15. c4 Qf2+ 16. Kh1 Qf1# 0-1

[Event "Tournoi francophone 015"]
[Site "Skype"]
[Date "????.??.??"]
[Round "3.24"]
[White "Gharbi, Said"]
[Black "De Coninck, Philippe"]
[Result "0-1"]
[WhiteElo "1335"]
[BlackElo "1173"]
[PlyCount "50"]

1. e4 b6 2. d4 Bb7 3. e5 e6 4. Bc4 Bxg2 5. f3 Bxh1 6. Nh3 Qh4+ 7. Nf2 d6 8. Ke2
Qxh2 9. Qxh1 Qxh1 10. Nxh1 Nc6 11. exd6 Bxd6 12. d5 Nd4+ 13. Kd3 e5 14. f4 b5
15. Bb3 Nxb3 16. axb3 exf4 17. Ra6 Nf6 18. Nc3 O-O 19. Nxb5 Nxd5 20. Bd2 Rfd8
21. c4 Nf6 22. Kc2 Rd7 23. b4 Rad8 24. c5 Be5 25. Be1 Rd1 0-1

[Event "Tournoi francophone 015"]
[Site "Skype"]
[Date "????.??.??"]
[Round "3.25"]
[White "Abate, Luigi"]
[Black "Le Brun, Yves"]
[Result "0-1"]
[WhiteElo "1169"]
[BlackElo "1335"]
[PlyCount "60"]

1. e4 d5 2. exd5 Qxd5 3. Nc3 Qd8 4. Nf3 Bg4 5. Bb5+ c6 6. Ba4 Nd7 7. d4 e6 8.
Bf4 Be7 9. h3 Bh5 10. g4 Bg6 11. Ne5 Ngf6 12. Qd2 Nxe5 13. Bxe5 O-O 14. f3 Nd5
15. Ne4 Bh4+ 16. Ng3 h6 17. O-O-O f6 18. Bf4 Nxf4 19. Qxf4 Bg5 20. Qxg5 fxg5
21. Rhf1 Qc7 22. Ne2 Rf6 23. Bb3 Kh7 24. Rf2 Raf8 25. Re1 e5 26. c3 b5 27. Rff1
Rxf3 28. Rxf3 Rxf3 29. Ng1 Rf2 30. Rxe5 Rf1+ 0-1

[Event "Tournoi francophone 015"]
[Site "Skype"]
[Date "????.??.??"]
[Round "3.26"]
[White "Busto, Ricardo"]
[Black "Codina, Teresa"]
[Result "0-1"]
[WhiteElo "1152"]
[BlackElo "1310"]
[PlyCount "42"]

1. Nf3 d5 2. c4 d4 3. d3 c5 4. e3 Nc6 5. a3 Nf6 6. b4 e6 7. bxc5 Bxc5 8. exd4
Nxd4 9. Nbd2 O-O 10. Bb2 Nxf3+ 11. Nxf3 Qb6 12. Bd4 Qa5+ 13. Qd2 Qb6 14. Be3
Bd7 15. Be2 Qc7 16. O-O Bd6 17. g3 b6 18. Rac1 Bc6 19. Qb2 h6 20. Ne5 Bxe5 21.
Qxe5 Qxe5 0-1

[Event "Tournoi francophone 015"]
[Site "Skype"]
[Date "????.??.??"]
[Round "3.27"]
[White "Hargez, Dany"]
[Black "Rivalta, Paolo"]
[Result "0-1"]
[WhiteElo "1296"]
[BlackElo "1142"]
[PlyCount "56"]

1. e4 e5 2. Nf3 Nc6 3. c3 Nf6 4. d3 Bc5 5. Bg5 h6 6. Bxf6 Qxf6 7. d4 exd4 8.
cxd4 Nxd4 9. e5 Nxf3+ 10. Qxf3 Qxe5+ 11. Be2 Qxb2 12. O-O Qxa1 13. Nc3 Qb2 14.
Qe4+ Be7 15. Nd5 O-O 16. Nxe7+ Kh8 17. Bd3 g6 18. Nxg6+ fxg6 19. Qxg6 Qg7 20.
Qh5 d6 21. Qe2 Bh3 22. f4 Rg8 23. Rf2 Rae8 24. Qf1 Qd4 25. Kh1 Qd5 26. Qa1+ Rg7
27. Rf3 Bxg2+ 28. Kg1 Bxf3+ 0-1

[Event "Tournoi francophone 015"]
[Site "Skype"]
[Date "????.??.??"]
[Round "3.29"]
[White "Bucherie, Volcy"]
[Black "Gerbaux, Regis"]
[Result "1-0"]
[WhiteElo "1274"]
[BlackElo "1062"]
[PlyCount "47"]

1. Nf3 d6 2. g3 e5 3. Bg2 Nf6 4. O-O Be7 5. c4 O-O 6. Nc3 a6 7. e4 Nc6 8. d4 b6
9. a3 Bb7 10. d5 Nb8 11. b4 b5 12. c5 Nbd7 13. c6 Bc8 14. cxd7 Bxd7 15. a4 a5
16. axb5 axb4 17. Rxa8 Qxa8 18. Na4 Bxb5 19. Nb2 Bxf1 20. Bxf1 Nxe4 21. Nd3
Qxd5 22. Qa4 c5 23. Nd2 Re8 24. Qxe8+ 1-0

[Event "Tournoi francophone 015"]
[Site "Skype"]
[Date "????.??.??"]
[Round "3.30"]
[White "Castellanos Gonzalez, Mariano"]
[Black "Vervoort, Jean-Louis"]
[Result "1-0"]
[WhiteElo "1000"]
[BlackElo "1273"]
[PlyCount "47"]

1. e4 e5 2. Nf3 Nc6 3. Bb5 d6 4. Bxc6+ bxc6 5. O-O Nf6 6. Re1 Bg4 7. h3 Bxf3 8.
Qxf3 d5 9. d3 dxe4 10. dxe4 Bc5 11. Nd2 O-O 12. Nc4 Re8 13. b3 Nd7 14. Bb2 Qf6
15. Qxf6 gxf6 16. Rad1 Re7 17. Na5 Bb4 18. Nxc6 Bxe1 19. Nxe7+ Kf8 20. Rxd7 Ke8
21. Rxc7 Rd8 22. Nd5 a5 23. Ba3 Rd7 24. Nxf6+ 1-0

[Event "Tournoi francophone 015"]
[Site "Skype"]
[Date "????.??.??"]
[Round "3.31"]
[White "Ibanez, Bittor"]
[Black "Tinti, Jacopo"]
[Result "0-1"]
[WhiteElo "1330"]
[BlackElo "1044"]
[PlyCount "86"]

1. c4 c6 2. e4 d5 3. d3 e6 4. Nd2 Be7 5. Nb3 dxc4 6. dxc4 Qxd1+ 7. Kxd1 Nf6 8.
e5 Nfd7 9. Nf3 O-O 10. Be3 Rd8 11. Bg5 Bxg5 12. Nxg5 Nxe5+ 13. Kc2 Ng4 14. Ne4
f5 15. Be2 e5 16. Rad1 Bd7 17. Bxg4 fxe4 18. Be6+ Kf8 19. Nc5 Ke7 20. Bxd7 Nxd7
21. Nxb7 Rf8 22. Rd2 Rab8 23. Nd6 Rf6 24. Nxe4 Rff8 25. Rhd1 Rbd8 26. Rd6 Nf6
27. Nxf6 Rxd6 28. Nd5+ cxd5 29. Rxd5 Rxd5 30. cxd5 Rxf2+ 31. Kc3 Rxg2 32. a4
Rxh2 33. b4 g5 34. Kd3 g4 35. a5 Kd6 36. Ke4 g3 37. a6 g2 38. b5 g1=Q 39. b6
Re2+ 40. Kd3 Qd1+ 41. Kc4 Rc2+ 42. Kb3 Qb1+ 43. Ka3 Qxb6 0-1

[Event "Tournoi francophone 015"]
[Site "Skype"]
[Date "????.??.??"]
[Round "3.32"]
[White "Sauvaget, Joel"]
[Black "Sosa, Juan Carlos"]
[Result "1-0"]
[WhiteElo "1290"]
[BlackElo "1121"]
[PlyCount "71"]

1. d4 e5 2. dxe5 Nc6 3. Nf3 Qe7 4. Nc3 Nxe5 5. Nxe5 Qxe5 6. e3 Bb4 7. Bd2 Nf6
8. Be2 Ne4 9. Nxe4 Qxe4 10. Bf3 Qe7 11. O-O O-O 12. Re1 a5 13. a3 Bc5 14. Bc3
Rd8 15. Qe2 d5 16. Rad1 c6 17. Rd2 b5 18. Bd4 Bxd4 19. Rxd4 Ba6 20. Qd1 b4 21.
axb4 axb4 22. b3 Bb5 23. Qd2 Qf6 24. h3 Ra7 25. e4 h6 26. exd5 cxd5 27. Rxb4
Bc6 28. Rd4 Re7 29. Rxe7 Qxe7 30. c4 Re8 31. cxd5 Qe1+ 32. Qxe1 Rxe1+ 33. Kh2
Bd7 34. d6 Rb1 35. b4 Rxb4 36. Rxb4 1-0

[Event "Tournoi francophone 015"]
[Site "Skype"]
[Date "????.??.??"]
[Round "3.33"]
[White "Vello, Pablo"]
[Black "Moraga Vasquez, Michael"]
[Result "1-0"]
[WhiteElo "1135"]
[BlackElo "1008"]
[PlyCount "31"]

1. d4 Nf6 2. Nc3 g6 3. Bf4 a6 4. Qd2 Bg7 5. Bh6 O-O 6. h4 d6 7. h5 Nbd7 8. hxg6
fxg6 9. e4 e5 10. Bc4+ Kh8 11. O-O-O Ng4 12. Bxg7+ Kxg7 13. Nf3 Ndf6 14. dxe5
Nxe5 15. Nxe5 dxe5 16. Qh6+ 1-0

[Event "Tournoi francophone 015"]
[Site "Skype"]
[Date "????.??.??"]
[Round "3.34"]
[White "Vincent, Andre"]
[Black "Sequeda Pimiento, Javier Ricardo"]
[Result "0-1"]
[WhiteElo "1377"]
[BlackElo "1419"]
[PlyCount "82"]

1. d4 Nf6 2. Bf4 d5 3. e3 e6 4. Nf3 Bd6 5. Bg3 Bxg3 6. fxg3 Nbd7 7. Bd3 c5 8.
c3 cxd4 9. exd4 Qb6 10. Qc2 Ng4 11. Qb3 Qxb3 12. axb3 Ne3 13. Rg1 O-O 14. h3
Re8 15. Kf2 Nf5 16. Nbd2 Nf6 17. Ne5 h5 18. h4 Ng4+ 19. Nxg4 hxg4 20. Rae1 Bd7
21. Rh1 a6 22. h5 Bb5 23. c4 dxc4 24. bxc4 Bd7 25. Re5 Nxd4 26. h6 gxh6 27.
Rxh6 Nf5 28. Bxf5 exf5 29. Rd5 Be6 30. Re5 Rad8 31. Re2 Kg7 32. Rh1 Rd4 33. Rc1
Red8 34. Rc2 Kf6 35. b3 Kg5 36. Ke3 Rd3+ 37. Kf2 R8d4 38. c5 f4 39. Ne4+ Kg6
40. gxf4 Rxb3 41. Ng5 Rxf4+ 0-1

[Event "Tournoi francophone 015"]
[Site "Skype"]
[Date "????.??.??"]
[Round "3.35"]
[White "Porcabeuf, Jean-Marc"]
[Black "Rodriguez Tovar, Liliana"]
[Result "1/2-1/2"]
[WhiteElo "1229"]
[BlackElo "1036"]
[PlyCount "45"]

1. e4 e5 2. Nf3 Nf6 3. Nc3 d5 4. exd5 Nxd5 5. Nb5 Nc6 6. d4 e4 7. Ne5 Nxe5 8.
dxe5 c6 9. Nd6+ Bxd6 10. exd6 Qxd6 11. Bc4 O-O 12. O-O Be6 13. Re1 Qe5 14. Bd2
Nf6 15. b3 Bxc4 16. bxc4 Rad8 17. Qc1 Qc5 18. Bg5 Rd6 19. Bxf6 Rxf6 20. Re2
Qxc4 21. Qd2 Re8 22. Rd1 Rfe6 23. Qd7 1/2-1/2

[Event "Tournoi francophone 015"]
[Site "Skype"]
[Date "????.??.??"]
[Round "3.38"]
[White "Blanchard, Colette"]
[Black "Ortis, Yves"]
[Result "0-1"]
[WhiteElo "1000"]
[BlackElo "1096"]
[PlyCount "86"]

1. d4 c6 2. Nf3 Nf6 3. Bf4 Na6 4. c3 e6 5. Nbd2 Nc7 6. e3 Ncd5 7. Bg3 b5 8. c4
Nb4 9. a3 Na6 10. Bd3 b4 11. a4 Bb7 12. O-O c5 13. Nb3 d6 14. Ne5 dxe5 15. dxe5
Nd7 16. f3 Qc7 17. f4 g6 18. Qc2 Bg7 19. Qf2 O-O 20. Nd2 b3 21. Be4 Nb4 22.
Bxb7 Qxb7 23. Qf3 Qb8 24. Ra3 f6 25. Nxb3 Nc2 26. Nxc5 Nxc5 27. Rd3 Nxd3 28.
Qe2 Ndb4 29. b3 Qb7 30. h3 Rad8 31. exf6 Rxf6 32. Bh4 g5 33. Bxg5 Qe4 34. Bxf6
Bxf6 35. Qg4+ Kh8 36. Rf3 Rd1+ 37. Kh2 Nxe3 38. Kg3 Nf1+ 39. Kf2 Nd3+ 40. Kg1
Nd2+ 41. Kh2 Nxf3+ 42. gxf3 Qe2+ 43. Kg3 Rg1# 0-1

[Event "Tournoi francophone 015"]
[Site "Skype"]
[Date "????.??.??"]
[Round "3.39"]
[White "Montilla Bejarano, Carmen"]
[Black "Cassano, Mariangela"]
[Result "1-0"]
[WhiteElo "1087"]
[BlackElo "1000"]
[PlyCount "29"]

1. e4 e5 2. Nf3 Nc6 3. Bb5 a6 4. Ba4 g6 5. d4 Bg7 6. d5 d6 7. dxc6 bxc6 8.
Bxc6+ Bd7 9. Bxa8 Qxa8 10. Nc3 Ne7 11. Be3 O-O 12. Qd2 Qc8 13. Bh6 g5 14. Qxg5
f6 15. Qxg7# 1-0

[Event "Tournoi francophone 015"]
[Site "Skype"]
[Date "????.??.??"]
[Round "3.40"]
[White "Gagnon, Sindy"]
[Black "Dhenain, Sebastien"]
[Result "0-1"]
[WhiteElo "1000"]
[BlackElo "1086"]
[PlyCount "46"]

1. e4 e5 2. Nf3 Nc6 3. c3 Nf6 4. Qe2 Bc5 5. d3 O-O 6. Nbd2 Ng4 7. b4 Bxf2+ 8.
Kd1 Ne3+ 9. Qxe3 Bxe3 10. Ba3 Bxd2 11. Kxd2 d6 12. d4 Bg4 13. Ne1 Qg5+ 14. Kc2
exd4 15. Kb3 dxc3 16. Bc1 Be6+ 17. Ka4 Qd8 18. h3 Bd7 19. Kb3 Nd4+ 20. Kxc3
Nb5+ 21. Kc4 Re8 22. Nd3 a6 23. Bb2 Be6# 0-1

[Event "Tournoi francophone 015"]
[Site "Skype"]
[Date "????.??.??"]
[Round "3.41"]
[White "Tolaro, Filippa"]
[Black "Hampton, Irene"]
[Result "1-0"]
[WhiteElo "1086"]
[BlackElo "1000"]
[PlyCount "63"]

1. d4 d5 2. Nf3 Nf6 3. b3 e6 4. Bb2 Bd6 5. e3 Nc6 6. Bd3 O-O 7. Nbd2 Qe7 8. O-O
a6 9. Ne5 Nxe5 10. dxe5 Ba3 11. exf6 gxf6 12. Bxa3 Qxa3 13. Qh5 f5 14. e4 Qb2
15. exd5 Qg7 16. dxe6 fxe6 17. Rfe1 Rf6 18. Re3 Bd7 19. Rg3 Rg6 20. Rb1 b5 21.
Nf3 Re8 22. Nh4 Re7 23. Nxg6 hxg6 24. Rxg6 Be8 25. Rxg7+ Kxg7 26. Qg5+ Bg6 27.
Qxe7+ Kh6 28. Qxe6 Kg5 29. g3 a5 30. h4+ Kg4 31. Qxg6+ Kh3 32. Bf1# 1-0

[Event "Tournoi francophone 015"]
[Site "Skype"]
[Date "????.??.??"]
[Round "3.42"]
[White "Maccaferri, Massimo"]
[Black "Rodgerson, Michael"]
[Result "1-0"]
[WhiteElo "1074"]
[BlackElo "1000"]
[PlyCount "65"]

1. e4 c5 2. g4 Qc7 3. Bc4 d6 4. Qf3 Bd7 5. Qxf7+ Kd8 6. Qxf8+ Be8 7. Bf7 Kc8 8.
Qxg7 Kd7 9. Bxe8+ Kxe8 10. Qxh8 Kf8 11. d4 Nc6 12. dxc5 Qc8 13. Bh6+ Kf7 14.
Nf3 Qxg4 15. cxd6 Qxf3 16. Rg1 Qxe4+ 17. Kf1 Qxc2 18. Qg7+ Ke6 19. dxe7 Qd1+
20. Kg2 Qe2 21. Qxh7 Nf6 22. Kh1 Nb4 23. Rg8 Rxg8 24. Bg7 Qe1+ 25. Kg2 Nc2 26.
Qxc2 b5 27. Nc3 Rxg7+ 28. Kh3 Rg8 29. Rxe1+ Kf7 30. Qb3+ Kg7 31. Rg1+ Ng4 32.
Rxg4+ Kh7 33. Qxg8+ 1-0

[Event "Tournoi francophone 015"]
[Site "Skype"]
[Date "????.??.??"]
[Round "3.43"]
[White "Esformes, Jacques"]
[Black "Trapletti, Cosetta"]
[Result "0-1"]
[WhiteElo "1052"]
[BlackElo "1000"]
[PlyCount "88"]

1. d4 d5 2. Bf4 Bf5 3. e3 Nf6 4. f3 Nbd7 5. c4 e6 6. a3 c5 7. Nd2 Be7 8. Be2
O-O 9. g4 Bg6 10. Qb3 b6 11. Bg5 Rc8 12. h4 h6 13. h5 hxg5 14. hxg6 fxg6 15.
Nh3 Ne8 16. cxd5 cxd4 17. e4 Qc7 18. Nf1 Nc5 19. Qa2 d3 20. Bd1 Nd6 21. Nd2 Nb5
22. Qc4 Qg3+ 23. Nf2 a6 24. a4 Nd6 25. Qd4 Qg2 26. Rf1 Nb5 27. axb5 a5 28. dxe6
Bf6 29. Qd5 Rfe8 30. e5 Be7 31. Be2 a4 32. Nxd3 Qg3+ 33. Kd1 Rcd8 34. Qc6 Rf8
35. Kc2 Nxd3 36. Ra3 Qxe5 37. Qe4 Qc5+ 38. Rc3 Qxb5 39. Bxd3 a3 40. Qc4 Qxb2+
41. Kd1 Qa1+ 42. Ke2 Qb2 43. Rc2 Qb5 44. Qxb5 Rd6 0-1

[Event "Tournoi francophone 015"]
[Site "Skype"]
[Date "????.??.??"]
[Round "4.1"]
[White "Meyer, Eric"]
[Black "Deville, Olivier"]
[Result "1-0"]
[WhiteElo "1664"]
[BlackElo "1807"]
[PlyCount "71"]

1. d4 Nf6 2. Bg5 e6 3. e4 h6 4. Bxf6 Qxf6 5. Nc3 d5 6. e5 Qd8 7. Nf3 c5 8. Be2
Nc6 9. O-O cxd4 10. Nxd4 Nxe5 11. Bb5+ Bd7 12. Re1 Bd6 13. Nxd5 exd5 14. f4
Bxb5 15. Nxb5 Qb6+ 16. Nd4 O-O 17. fxe5 Bc5 18. c3 Qxb2 19. Qd3 Qb6 20. Rab1
Qc7 21. Kf1 f6 22. e6 Qxh2 23. Qf3 Bxd4 24. cxd4 Qh1+ 25. Ke2 Qh4 26. e7 Rfe8
27. Qxd5+ Kh8 28. Kf3 f5 29. Qe5 Qg4+ 30. Kf2 Rac8 31. Re2 Rc4 32. d5 Qd4+ 33.
Qxd4 Rxd4 34. Re5 b6 35. a3 Kg8 36. Rb4 1-0

[Event "Tournoi francophone 015"]
[Site "Skype"]
[Date "????.??.??"]
[Round "4.2"]
[White "Caputi, Giuliano"]
[Black "Lambert, Pierre"]
[Result "1-0"]
[WhiteElo "1782"]
[BlackElo "1647"]
[PlyCount "101"]

1. e4 e6 2. d4 d5 3. Nd2 c5 4. exd5 Qxd5 5. dxc5 Bxc5 6. Ngf3 Nf6 7. Bd3 O-O 8.
O-O Nc6 9. a3 e5 10. Qe2 Bg4 11. Bc4 Qd8 12. c3 Re8 13. Ne4 Be7 14. h3 Bh5 15.
Ng3 Qc7 16. Nxh5 Nxh5 17. Bxf7+ Kxf7 18. Ng5+ Bxg5 19. Qxh5+ Kg8 20. Bxg5 Ne7
21. Bxe7 Rxe7 22. Rad1 Rd8 23. Rxd8+ Qxd8 24. Rd1 Qc7 25. Qg5 h6 26. Qd2 Kf8
27. Qd8+ Qxd8 28. Rxd8+ Kf7 29. Kf1 Rc7 30. Ke2 Ke7 31. Rg8 Kf7 32. Rd8 Ke7 33.
Rd2 Ke6 34. Ke3 Rc4 35. Rd8 Ke7 36. Rg8 Kf7 37. Rb8 Rc7 38. Ke4 Re7 39. c4 Ke6
40. Rd8 Rc7 41. b3 Rc5 42. Rg8 Rc7 43. Re8+ Kf6 44. Rxe5 Rd7 45. Rd5 Re7+ 46.
Kf3 Ke6 47. h4 Kf7 48. g4 Ke6 49. Kg3 a6 50. f4 g6 51. Re5+ 1-0

[Event "Tournoi francophone 015"]
[Site "Skype"]
[Date "????.??.??"]
[Round "4.3"]
[White "Rodier, Marc"]
[Black "Rapaire, Jean-Michel"]
[Result "0-1"]
[WhiteElo "1000"]
[BlackElo "1739"]
[PlyCount "32"]

1. e4 c5 2. Nf3 d6 3. d4 cxd4 4. Nxd4 Nc6 5. Be3 Nf6 6. Nc3 a6 7. Bc4 e6 8. O-O
Be7 9. f4 Nxe4 10. Nxc6 Nxc3 11. bxc3 bxc6 12. Bd3 c5 13. c4 Rb8 14. Rb1 Bd7
15. Bd4 Rxb1 16. Qxb1 cxd4 0-1

[Event "Tournoi francophone 015"]
[Site "Skype"]
[Date "????.??.??"]
[Round "4.4"]
[White "Blasco, Raul"]
[Black "Leyton Calderon, Jairo Oswaldo"]
[Result "1/2-1/2"]
[WhiteElo "1978"]
[BlackElo "1526"]
[PlyCount "46"]

1. d4 Nf6 2. Bf4 g6 3. Nc3 Bg7 4. e4 d6 5. Qd2 O-O 6. O-O-O Nbd7 7. f3 c5 8.
dxc5 Nxc5 9. e5 Nh5 10. Bh6 Be6 11. Bxg7 Nxg7 12. exd6 exd6 13. Qxd6 Qa5 14.
Qd2 Rfd8 15. Qe1 Nf5 16. Bd3 Nd4 17. Nge2 Bxa2 18. Nxd4 Rxd4 19. Ne2 Nxd3+ 20.
Rxd3 Qxe1+ 21. Rxe1 Rxd3 22. cxd3 Rc8+ 23. Nc3 Be6 1/2-1/2

[Event "Tournoi francophone 015"]
[Site "Skype"]
[Date "????.??.??"]
[Round "4.5"]
[White "Ortiz, Vladimir"]
[Black "Elias, Roberto"]
[Result "0-1"]
[WhiteElo "1443"]
[BlackElo "1782"]
[PlyCount "86"]

1. Nf3 d5 2. d4 Nf6 3. Bf4 c5 4. e3 Nc6 5. Bb5 Qa5+ 6. Nc3 Ne4 7. Bxc6+ bxc6 8.
O-O Nxc3 9. bxc3 Qxc3 10. dxc5 Bg4 11. Qd2 Qxc5 12. Ne5 Bh5 13. Nd3 Qc4 14. Ne5
Qa6 15. Rfc1 f6 16. Nd3 e5 17. Bg3 Ba3 18. Rcb1 O-O 19. Rb3 c5 20. Nxc5 Bxc5
21. Qxd5+ Bf7 22. Qxc5 Bxb3 23. cxb3 Rfd8 24. Qc3 Qxa2 25. h3 Qd2 26. Qc4+ Qd5
27. Qc2 Rac8 28. Qa2 Qd2 29. Qxa7 Rc1+ 30. Rxc1 Qxc1+ 31. Kh2 Rd1 32. Qa8+ Kf7
33. Qb7+ Ke6 34. Qa6+ Kf5 35. e4+ Kg6 36. Bxe5 Rh1+ 37. Kg3 Qg5+ 38. Kf3 Qxe5
39. Qc8 Qh5+ 40. Kf4 Qg5+ 41. Kf3 Rg1 42. Qe8+ Kh6 43. g4 Qh4 0-1